Anatomie Jambe/Pied - Statistiques

Statistiques générales
  • Ce quiz a été pris 36 fois
  • Le résultat moyen est 2 sur 22
Statistiques - réponses
Hint Réponse % Correct
Gastrocnémiens insertion Condyles fémoraux
54%
Gastrocnémiens terminaison Tendon calcanéen
50%
Long Fibulaire terminaison Cuboïde/ 1er metatarsien
21%
Soléaire insertion Tête de la fibula
13%
Tibia antérieur terminaison 1er métatarsien
8%
Court fibulaire terminaison 5eme metatarsien
8%
Long Fibulaire insertion Face latérale Fibula
4%
Court fibulaire insertion Face latérale fibula
4%
Soléaire terminaison Tendon cacanéen
4%
Tibia postérieur terminaison Tubercule naviculaire
4%
Poplité terminaison Condyle fémoral latéral
0%
Tibia antérieur insertion Condyle latéral tibiale
0%
Long extenseur hallux insertion Entre muscle extenseur orteils et tibia antérieur
0%
Long extenseur orteils insertion Face antéro sup tibia fibula
0%
Long fléchisseur Hallux insertion Face postérieur fibula
0%
Tibia postérieur insertion Face postérieur tibia fibula
0%
Poplité insertion Face postéro-supérieure du tibia
0%
Long fléchisseur orteils insertion Face postéro-supérieure du tibia
0%
Long fléchisseur Hallux terminaison Phalange distale Halux
0%
Long fléchisseur orteils terminaison Phalanges distale orteils
0%
Long extenseur hallux terminaison Tendon phalange distale Halux
0%
Long extenseur orteils terminaison Tendon phalanges distal orteils
0%
Aucun quiz correspondant
Distribution des résultats
% des personnes avec chaque résultat
Percentile par nombre de réponses
Votre historique - résultats
Vous n’avez pas pris ce quiz